Un héroe del 24 de febrero , el General Saturnino Lora y Torres (Record no. 118799)

MARC details
000 -LEADER
campo de control de longitud fija 00593nam a2200169 4500
001 - NÚMERO DE CONTROL
campo de control 118799
003 - IDENTIFICADOR DE NÚMERO DE CONTROL
campo de control ES-MaACL
005 - FECHA Y HORA DE LA ÚLTIMA TRANSACCIÓN
campo de control 20230906191200.0
007 - CAMPO FIJO DE DESCRIPCIÓN FÍSICA--INFORMACIÓN GENERAL
campo de control de longitud fija t|
008 - DATOS DE LONGITUD FIJA--INFORMACIÓN GENERAL
campo de control de longitud fija 070214s1958 cu r ||||1| spa d
100 1# - ENTRADA PRINCIPAL--NOMBRE DE PERSONA
Nombre de persona Pérez Cabrera, José Manuel.
9 (RLIN) 90691
245 13 - MENCIÓN DEL TÍTULO
Título Un héroe del 24 de febrero , el General Saturnino Lora y Torres
Resto del título : discurso /
Mención de responsabilidad, etc. José Manuel Pérez Cabrera.
260 ## - PUBLICACIÓN, DISTRIBUCIÓN, ETC.
Lugar de publicación, distribución, etc. La Habana :
Nombre del editor, distribuidor, etc. El Siglo XX,
Fecha de publicación, distribución, etc. 1958.
300 ## - DESCRIPCIÓN FÍSICA
Extensión 66 p. :
Otras características físicas `Retr. biografiado` ;
Dimensiones 24 cm.
500 ## - NOTA GENERAL
Nota general Precede al tit. : Academia de la Historia de Cuba.
852 ## - LOCALIZACIÓN
Ubicación ES-MaACL
Número de control de estantería C-17682
Sublocalización o colección R.45351
Holdings
Estatus retirado Estado de pérdida Estado de daño No para préstamo Biblioteca de origen Biblioteca actual Ubicación en estantería Fecha de adquisición Fuente de adquisición Total de préstamos Signatura topográfica completa Código de barras Visto por última vez Precio de reemplazo Tipo de ítem Koha
        Biblioteca del Ateneo de Madrid Biblioteca del Ateneo de Madrid Galería 17/01/2008     C-17682 1123848 23/02/2023 23/02/2023 Libro impreso